MARC

LEADER 00000nam0a2200000 4500
001 321888
005 20231102003424.0
035 |a (RuTPU)RU\TPU\book\347444 
090 |a 321888 
100 |a 20160908d1978 m y0rusy50 ca 
101 0 |a rus 
102 |a RU 
105 |a a z 001zy 
200 1 |a Электрокоррозия железобетона  |f А. А. Старосельский 
210 |a Киев  |c Будiвельник  |d 1978 
215 |a 168 с.  |c ил. 
320 |a Библиогр.: с. 165-168 
606 1 |a Железобетонные конструкции  |x Коррозия блуждающими токами  |2 stltpush  |3 (RuTPU)RU\TPU\subj\10648  |9 37689 
610 1 |a железобетон 
610 1 |a электрокоррозия 
610 1 |a электропроводимость 
610 1 |a электрический ток 
610 1 |a воздействие 
610 1 |a защита от коррозии 
675 |a 691.328:620.1  |v 4 
700 1 |a Старосельский  |b А. А.  |g Александр Александрович 
801 1 |a RU  |b 63413507  |c 20160908 
801 2 |a RU  |b 63413507  |c 20200713  |g RCR 
942 |c BK